All Minecraft Effects - Statistics

General Stats
  • This quiz has been taken 17 times
  • The average score is 25 of 39
Answer Stats
Answer % Correct
Poison
100%
Fire Resistance
91%
Hunger
91%
Luck
91%
Nausea
91%
Weakness
91%
Haste
82%
Jump Boost
82%
Regeneration
82%
Slowness
82%
Speed
82%
Strength
82%
Wither
82%
Absorption
73%
Bad Luck
73%
Bad Omen
73%
Mining Fatigue
73%
Resistance
73%
Water Breathing
73%
Blindness
64%
Hero of the Village
64%
Levitation
64%
Night Vision
64%
Oozing
64%
Dolphin's Grace
55%
Invisibility
55%
Saturation
55%
Slow Falling
55%
Conduit Power
45%
Infested
45%
Instant Damage
45%
Darkness
36%
Health Boost
36%
Weaving
36%
Wind Charged
36%
Glowing
27%
Instant Health
27%
Trial Omen
27%
Raid Omen
18%
No matching quizzes found
Score Distribution
Percent of People with Each Score
Percentile by Number Answered
Your Score History
You have not taken this quiz